| 000 | 00655nam a2200205Ii 4500 | ||
|---|---|---|---|
| 003 | JO-AjNU | ||
| 008 | 230605s9999||||xx |||||||||||||| ||und|| | ||
| 017 | _a2006/11/3061 | ||
| 040 |
_aJO-AjNU _bara _erda _cJO-AjNU |
||
| 041 | _aara | ||
| 050 | 1 | 4 | _aBP76.8.K48.H32 2006 |
| 100 | 3 |
_aالهباهبة، طه, _eauthor _949394 |
|
| 245 | 0 | 0 | _aأم المؤمنين الطاهرة خديجة بنت خويلد |
| 264 | 3 | 1 | _aعمان: المؤلف، 2006 |
| 300 | _a121ص | ||
| 336 |
_atext _btxt _2rdacontent |
||
| 337 |
_aunmediated _bn _2rdamedia |
||
| 338 |
_avolume _bnc _2rdacarrier |
||
| 650 | 4 |
_aالسيرة النبوية- ال البيت _949395 |
|
| 999 |
_aA21692 _c25260 _d25260 |
||